Pour la révision du procès Ferrer (Record no. 86430)
[ view plain ]
| 000 -LEADER | |
|---|---|
| campo de control de longitud fija | 00489nam a2200145 i 4500 |
| 001 - NÚMERO DE CONTROL | |
| campo de control | 86430 |
| 003 - IDENTIFICADOR DE NÚMERO DE CONTROL | |
| campo de control | ES-MaACL |
| 005 - FECHA Y HORA DE LA ÚLTIMA TRANSACCIÓN | |
| campo de control | 20230906175438.0 |
| 007 - CAMPO FIJO DE DESCRIPCIÓN FÍSICA--INFORMACIÓN GENERAL | |
| campo de control de longitud fija | t| |
| 008 - DATOS DE LONGITUD FIJA--INFORMACIÓN GENERAL | |
| campo de control de longitud fija | 041210q1909 fr ||||1| fre d |
| 100 1# - ENTRADA PRINCIPAL--NOMBRE DE PERSONA | |
| Nombre de persona | Kaspar, Jean-Jacques. |
| 9 (RLIN) | 67601 |
| 245 10 - MENCIÓN DEL TÍTULO | |
| Título | Pour la révision du procès Ferrer |
| Resto del título | : étude juridique, d'après les pièces publiées par le gouvernement espagnol / |
| Mención de responsabilidad, etc. | Jean-Jacques Kaspar. |
| 260 ## - PUBLICACIÓN, DISTRIBUCIÓN, ETC. | |
| Lugar de publicación, distribución, etc. | París : |
| Nombre del editor, distribuidor, etc. | Schleicher Fréres, |
| Fecha de publicación, distribución, etc. | [1909?] |
| 852 ## - LOCALIZACIÓN | |
| Ubicación | ES-MaACL |
| Número de control de estantería | T-1340-F-6 |
| Estatus retirado | Estado de pérdida | Estado de daño | No para préstamo | Colección | Biblioteca de origen | Biblioteca actual | Ubicación en estantería | Fecha de adquisición | Fuente de adquisición | Total de préstamos | Signatura topográfica completa | Código de barras | Visto por última vez | Precio de reemplazo | Tipo de ítem Koha |
|---|---|---|---|---|---|---|---|---|---|---|---|---|---|---|---|
| Colección de folletos | Biblioteca del Ateneo de Madrid | Biblioteca del Ateneo de Madrid | Depósito folletos | 17/01/2008 | T-1340-F-6 | 1090300 | 23/02/2023 | 23/02/2023 | Folleto |
